000 00519ntaaa2200181 4500
003 01
005 20251027203114.0
008 0714s1973 ag 01
040 _aAR-BaBN
_bspa
_cAR-BaBN
_eaacr
_dRIC
082 _a177.3000 L94o
100 _aLovecchio, Javier
_932540
245 _aLa obra destructora de la palabra negativa
250 _a1 ed. :
_bSITB,
_c2000
300 _a45 p ;
_c28 cm
500 _aBibliografia: p.44-45. Contiene Notas y referencias bibliograficas
650 _aEtica social
_91916
942 _cBK
999 _c26483
_d26483